Educación para todos. Evaluación en el año 2000. Costa Rica.

שמור ב:
מידע ביבליוגרפי
מחבר תאגידי: Costa Rica. Ministerio de Educación Pública. Dirección General de Educación Pública
פורמט: ספר
שפה:ספרדית
נושאים:
גישה מקוונת:Ver documento en línea
תגים: הוספת תג
אין תגיות, היה/י הראשונ/ה לתייג את הרשומה!

MARC

LEADER 00000cam^a2200000uu^4500
001 000529096
005 20260512000000.0
008 052102s2003^^^^^^^^^^^^rd^r^1000^0^spa^d
009 20260512123841.571
035 |a FCE 000073343 
037 |a Acervo ITESO - Biblioteca 
041 |a spa 
095 |a CD 393 
110 |a Costa Rica. Ministerio de Educación Pública. Dirección General de Educación Pública 
245 1 0 |a Educación para todos. Evaluación en el año 2000. Costa Rica.  |h [recurso electrónico] 
264 |a [San José] :  |b [Ministerio de Educación],  |c [1999]. 
300 |a 1 disco compacto [68 p.] :  |c 4 3/4 pulg. 
336 |a texto  |b txt  |2 rdacontenido 
337 |a sin mediación  |b n  |2 rdamedio 
338 |a volumen  |b nc  |2 rdasoporte 
649 |a XX 
650 |a Acceso a la educación 
650 |a Reforma de la educación 
650 |a Políticas de educación 
650 |a Calidad de la educación 
650 |a Costa Rica 
740 |t Reduc: Documentos electrónicos. 
856 4 0 |u https://biblioteca.uahurtado.cl/ujah/reduc/pdf/pdf/8507.pdf  |y Ver documento en línea 
910 |a Fondo Centro de Estudios Educativos 
920 |a Impresos - Libros 
930 |a Fondos Especiales 
905 |a 133 
902 |a https://opac.biblio.iteso.mx/vufind/Record/000529096